Países "Stão" - Quiz com Mapa - Statistics

Estatísticas Gerais
  • Esse quiz foi jogado 21 940 vezes
  • A pontuação média é 4 de 7
Respostas no mapa
Respostas codificadas por cores de uma escala verde-vermelha no mapa do quiz de acordo com a % correta abaixo.
 
Estatísticas das Respostas
Resposta % Correto
Cazaquistão
84%
Paquistão
70%
Afeganistão
64%
Tajiquistão
57%
Quirguistão
52%
Turcomenistão
51%
Uzbequistão
47%
Nenhum quiz correspondente encontrado
Distribuição das Pontuações
Porcentagem de Pessoas com Cada Pontuação
Percentil de Números Respondidos
Sua Pontuação Histórica
Você não jogou esse quiz